[Event "Landesliga Sued 0809"]
[Site "Bayern"]
[Date "2008.10.05"]
[Round "1.8"]
[White "Rusche, Johannes"]
[Black "Alink, Maarten"]
[Result "1-0"]
[WhiteElo "2036"]
[BlackElo "1976"]
[PlyCount "79"]
[EventDate "2008.10.05"]
[EventType "team-tourn"]
[EventRounds "9"]
[EventCountry "GER"]
[SourceTitle "EXT 2020"]
[Source "ChessBase"]
[SourceDate "2019.10.17"]
[SourceVersion "1"]
[SourceVersionDate "2019.10.17"]
[SourceQuality "1"]
[WhiteTeam "Garching"]
[BlackTeam "Bayern Muenchen III"]
[WhiteTeamCountry "GER"]
[BlackTeamCountry "GER"]

1. e4 c5 2. Nf3 d6 3. Bc4 Nf6 4. c3 e6 5. Qe2 Be7 6. d4 0-0 7. Bb3 cxd4 8. cxd4 e5 9. h3 d5 10. dxe5 Nxe4 11. 0-0 Nc6 12. Rd1 Be6 13. Nc3 Nxc3 14. bxc3 Qa5 15. Bb2 Rfd8 16. Nd4 Nxd4 17. cxd4 Bf5 18. Rac1 Rac8 19. g4 Be4 20. e6 Rxc1 21. exf7+ Kxf7 22. Bxc1 Kf8 23. Bf4 Bd6 24. Bxd6+ Rxd6 25. f3 Bg6 26. Qe5 Qd8 27. Re1 Bf7 28. Qf5 Kg8 29. Re5 Rf6 30. Qg5 Qc7 31. Qe3 Kf8 32. Kg2 Qd6 33. f4 Re6 34. f5 Re8 35. Rxe8+ Bxe8 36. Qe5 Qb4 37. Bxd5 Qd2+ 38. Kg3 Qd3+ 39. Bf3 Qa3 40. Qc5+ 1-0

[Event "Landesliga Sued 0708"]
[Site "Bayern"]
[Date "2008.04.06"]
[Round "8.7"]
[White "Alink, Maarten"]
[Black "Herb, Stefan"]
[Result "0-1"]
[WhiteElo "1976"]
[BlackElo "1985"]
[PlyCount "82"]
[EventDate "2007.10.21"]
[EventType "team-tourn"]
[EventRounds "9"]
[EventCountry "GER"]
[SourceTitle "EXT 2009"]
[Source "ChessBase"]
[SourceDate "2008.11.26"]
[SourceVersion "1"]
[SourceVersionDate "2008.11.26"]
[SourceQuality "1"]
[WhiteTeam "Bayern Muenchen III"]
[BlackTeam "Haunstetten"]
[WhiteTeamCountry "GER"]
[BlackTeamCountry "GER"]

1. d4 Nf6 2. c4 e6 3. Nf3 b6 4. e3 Bb4+ 5. Nbd2 Bb7 6. Bd3 0-0 7. 0-0 c5 8. Nb3 cxd4 9. Nbxd4 Re8 10. a3 Bf8 11. Nb5 a6 12. Nc3 d6 13. b4 Nbd7 14. Bb2 Qc7 15. Rc1 Rac8 16. Qe2 Qb8 17. Rfd1 Qa8 18. Bb1 Rc7 19. Ne1 Rec8 20. Ba2 Ne4 21. Nxe4 Bxe4 22. f3 Bc6 23. Bb3 b5 24. cxb5 Bxb5 25. Qd2 Rxc1 26. Rxc1 Rxc1 27. Qxc1 Nb6 28. Bd4 Qb8 29. Qc2 d5 30. a4 Bc4 31. a5 Bxb3 32. Qxb3 Nc4 33. Nd3 Qb5 34. Kf2 Nxa5 35. Qc3 Nc4 36. Bc5 Bxc5 37. Nxc5 a5 38. Nd3 Qb6 39. bxa5 Qxe3+ 40. Kg3 Qa7 41. Ne5 Qxa5 0-1

[Event "Landesliga Sued 0708"]
[Site "Bayern"]
[Date "2008.02.17"]
[Round "6.8"]
[White "Klein, Stefan"]
[Black "Alink, Maarten"]
[Result "1/2-1/2"]
[WhiteElo "1965"]
[BlackElo "1976"]
[PlyCount "39"]
[EventDate "2007.10.21"]
[EventType "team-tourn"]
[EventRounds "9"]
[EventCountry "GER"]
[SourceTitle "EXT 2009"]
[Source "ChessBase"]
[SourceDate "2008.11.26"]
[SourceVersion "1"]
[SourceVersionDate "2008.11.26"]
[SourceQuality "1"]
[WhiteTeam "Sendling"]
[BlackTeam "Bayern Muenchen III"]
[WhiteTeamCountry "GER"]
[BlackTeamCountry "GER"]

1. e4 c5 2. Nf3 d6 3. d4 cxd4 4. Nxd4 Nf6 5. Nc3 a6 6. a4 b6 7. Be2 Bb7 8. f3 g6 9. 0-0 Bg7 10. Be3 0-0 11. Qe1 Nbd7 12. Qf2 e5 13. Nb3 d5 14. exd5 Nxd5 15. Nxd5 Bxd5 16. Rfd1 Be6 17. a5 b5 18. Nc5 Qc8 19. Nxd7 Bxd7 20. Bb6 1/2-1/2

[Event "Landesliga Sued 0708"]
[Site "Bayern"]
[Date "2007.11.04"]
[Round "2.8"]
[White "Giss, Arthur"]
[Black "Alink, Maarten"]
[Result "0-1"]
[WhiteElo "1932"]
[BlackElo "1976"]
[PlyCount "60"]
[EventDate "2007.10.21"]
[EventType "team-tourn"]
[EventRounds "9"]
[EventCountry "GER"]
[SourceTitle "EXT 2009"]
[Source "ChessBase"]
[SourceDate "2008.11.26"]
[SourceVersion "1"]
[SourceVersionDate "2008.11.26"]
[SourceQuality "1"]
[WhiteTeam "Dillingen"]
[BlackTeam "Bayern Muenchen III"]
[WhiteTeamCountry "GER"]
[BlackTeamCountry "GER"]

1. e4 c5 2. Nc3 Nc6 3. g3 g6 4. Bg2 Bg7 5. f4 e6 6. d3 Nge7 7. Nf3 d6 8. 0-0 0-0 9. Rb1 Rb8 10. Be3 Nd4 11. Ne2 Nxe2+ 12. Qxe2 b5 13. h3 Qc7 14. Qf2 Nc6 15. e5 dxe5 16. Bxc5 exf4 17. Bxf8 fxg3 18. Qd2 Bxf8 19. c3 Ne7 20. d4 Nf5 21. Ne5 Bh6 22. Qe2 Bb7 23. Ng4 Bg5 24. Bxb7 Qxb7 25. Qe5 h5 26. Nf6+ Bxf6 27. Qxf6 Qe4 28. Qe5 Qc2 29. Qxb8+ Kh7 30. Rxf5 Qh2+ 0-1

[Event "Regionalliga SW 0607"]
[Site "Bayern"]
[Date "2007.04.01"]
[Round "8.8"]
[White "Garbotz, Julian"]
[Black "Alink, Maarten"]
[Result "0-1"]
[WhiteElo "1861"]
[BlackElo "1997"]
[PlyCount "78"]
[EventDate "2006.10.15"]
[EventType "team-tourn"]
[EventRounds "9"]
[EventCountry "GER"]
[SourceTitle "EXT 2008"]
[Source "ChessBase"]
[SourceDate "2007.11.25"]
[SourceVersion "1"]
[SourceVersionDate "2007.11.25"]
[SourceQuality "1"]
[WhiteTeam "Zugzwang MSA"]
[BlackTeam "Bayern Muenchen III"]
[WhiteTeamCountry "GER"]
[BlackTeamCountry "GER"]

1. e4 c5 2. Nf3 d6 3. d4 cxd4 4. Nxd4 Nf6 5. Nc3 a6 6. Be2 e5 7. Nb3 Be7 8. 0-0 0-0 9. f4 exf4 10. Bxf4 Nc6 11. Qd3 Ne5 12. Qg3 Ng6 13. Be3 b5 14. Bf3 Nd7 15. Qf2 Nde5 16. Nd5 Bb7 17. Rad1 Nc4 18. Bd4 Bxd5 19. exd5 Bf6 20. c3 Re8 21. Rde1 Bxd4 22. Nxd4 Qg5 23. Be4 Nce5 24. Re3 Qh4 25. Qxh4 Nxh4 26. Rfe1 Nhg6 27. Bxg6 hxg6 28. Nc6 f6 29. Nd4 Kf7 30. Ne6 Nc4 31. R3e2 Nb6 32. Rd1 Nxd5 33. Red2 Rxe6 34. Rxd5 Rd8 35. Kf2 Ke7 36. b3 Re5 37. c4 bxc4 38. bxc4 Rxd5 39. Rxd5 Rc8 0-1

[Event "Leiden SB-ch"]
[Site "Leiden"]
[Date "2002.06.11"]
[Round "4"]
[White "Alink, Maarten"]
[Black "Bakker, Joop"]
[Result "0-1"]
[WhiteElo "1701"]
[BlackElo "1959"]
[PlyCount "46"]
[EventDate "2002.05.21"]
[EventType "swiss"]
[EventRounds "7"]
[EventCountry "NED"]
[SourceTitle "EXT 2003"]
[Source "ChessBase"]
[SourceDate "2002.11.25"]
[SourceVersion "1"]
[SourceVersionDate "2002.11.25"]
[SourceQuality "1"]

1. d4 f5 2. Qd3 e6 3. g4 fxg4 4. h3 g3 5. Qxg3 Nf6 6. Nc3 Nc6 7. Nb5 d6 8. Bg5 Be7 9. e3 Ne4 10. Bxe7 Qxe7 11. Qg2 d5 12. a3 0-0 13. Nf3 e5 14. Bd3 a6 15. Nc3 Nxc3 16. bxc3 e4 17. Qg3 Bf5 18. h4 Qd6 19. Qg2 Rf6 20. Rg1 Qd7 21. h5 Raf8 22. 0-0-0 Na5 23. h6 g6 0-1